| 000 | 00610nam a2200181Ia 4500 | ||
|---|---|---|---|
| 008 | 090630s9999 xx 000 0 und d | ||
| 082 | _b19930 | ||
| 100 | _aवांगीकर बी. पी. | ||
| 245 |
_aसृष्टीचं लेणं. _cवांगीकर बी. पी. |
||
| 260 |
_bसाहित्य. _c2000 |
||
| 300 | _a92 | ||
| 600 | _aवांगीकर बी. पी. | ||
| 630 | _aसृष्टीचं लेणं. | ||
| 655 | _aइतर. | ||
| 700 | _aवांगीकर बी. पी. | ||
| 730 | _aसृष्टीचं लेणं. | ||
| 942 | _cBOOK | ||
| 999 |
_c271786 _d271786 |
||